| 000 | 00419nam a2200193Ia 4500 | ||
|---|---|---|---|
| 003 | 0100 | ||
| 008 | 130303s9999 xx 000 0 und d | ||
| 040 | _cARRUPELIB | ||
| 050 | _aP106.P455 1990 | ||
| 100 | _aMartinich, A.P | ||
| 245 | 4 | _aThe philosophy of language | |
| 250 | _a2nd | ||
| 260 | _aNY | ||
| 260 | _bOxford UP | ||
| 260 | _C1990 | ||
| 300 | _a528p | ||
| 700 | _aed. by A.P. Martinich | ||
| 942 | 0 | 0 | _01 |
| 999 |
_c20877 _d20877 |
||